000 00878nam a2200265 i 4500
003 DO-SdBNP
005 20260423093205.0
007 ta
008 260423b1997 dr ||||| |||| 00| 0 spa d
040 _aDO-SdBNP
_bspa
_cBNPHU
_erda
041 _aspa
082 4 _axxx
_bxxx
_222
110 1 _aRepública Dominicana.
_9447
240 1 0 _a[Leyes, etc.]
245 1 0 _aCódigo penal de la República Dominicana incluye las modificaciones de la ley no. 24-97 del 28 de enero de 1997 G. O. 9945
264 1 _aSanto Domingo :
_beditor no identificado,
_c1997.
300 _a175 páginas ;
_c21 cm.
336 _atexto
_btxt
_2rdacontent
337 _asin mediación
_bn
_2rdamedia
338 _avolumen
_2rdacarrier
_bnc
500 _aIncluye referencias bibliográficas y notas al pie de las páginas
590 _aInventariado, 2026/BT
910 _aBtavárez
942 _2ddc
_cLBS1
999 _c60605
_d60605